К теории сложных уродств (Запись № 12286928)
[ простой вид ]
| 000 -МАРКЕР | |
|---|---|
| контрольное поле | 01842nam0a2200313 4500 |
| 001 - ИДЕНТИФИКАТОР ЗАПИСИ | |
| контрольное поле | RU\NLR\BIBL_A\012183923 |
| 005 - ИДЕНТИФИКАТОР ВЕРСИИ | |
| контрольное поле | 20250623222903.0 |
| 035 ## - ДРУГИЕ СИСТЕМНЫЕ НОМЕРА | |
| Идентификатор записи | (NLR Aleph) 012183923 |
| 100 ## - ДАННЫЕ ОБЩЕЙ ОБРАБОТКИ | |
| Данные общей обработки | 20061204d1904 |||y0rusy50 ca |
| 101 0# - ЯЗЫК РЕСУРСА | |
| Язык текста, звукозаписи и т.д. | русский |
| 102 ## - СТРАНА ПУБЛИКАЦИИ ИЛИ ПРОИЗВОДСТВА | |
| Страна публикации | Российская Федерация |
| 105 ## - ПОЛЕ КОДИРОВАННЫХ ДАННЫХ: ТЕКСТОВЫЕ МАТЕРИАЛЫ, МОНОГРАФИЧЕСКИЕ | |
| Кодированные данные о монографическом текстовом документе | y|||z|||100zy |
| 200 1# - ЗАГЛАВИЕ И СВЕДЕНИЯ ОБ ОТВЕТСТВЕННОСТИ | |
| Основное заглавие | К теории сложных уродств |
| Сведения, относящиеся к заглавию | предварительное сообщение И.Я. Тура (из Зоотомической лаборатории Варшавского университета) |
| -- | сообщено в заседании Отд. биологии Варш. общества естествоиспытателей 30 января 1904 года |
| 210 ## - ПУБЛИКАЦИЯ, РАСПРОСТРАНЕНИЕ И ДР. | |
| Место издания, распространения и т.д. | Варшава |
| Имя издателя, распространителя и т. д. | в Типографии Варшавского учебного округа |
| Дата издания, распространения и т.д. | 1904 |
| 215 ## - ФИЗИЧЕСКАЯ ХАРАКТЕРИСТИКА | |
| Специфическое обозначение материала и объем | 4 с. |
| Размеры | 24 |
| 225 1# - СЕРИЯ | |
| Основное заглавие серии | Работы из Зоотомической лаборатории Варшавского университета |
| Сведения об ответственности | под ред. проф. П.И. Митрофанова |
| Обозначение тома | 34 |
| 316 ## - ПРИМЕЧАНИЯ ОБ ОСОБЕННОСТЯХ ЭКЗЕМПЛЯРА | |
| Текст примечания | Экз. сплетен с 4-мя др. кн. в общ. переплет с загл.: Статьи и сообщения. На тит. л. и обл. общ. переплета также загл. сер. и содерж. |
| Организация и экземпляр, к которому относится поле | NLR |
| 512 1# - ЗАГЛАВИЕ ОБЛОЖКИ | |
| Заглавие обложки | Статьи и сообщения |
| 606 1# - НАИМЕНОВАНИЕ ТЕМЫ КАК ПРЕДМЕТ | |
| Наименование темы | Эмбрионы птиц |
| Тематический подзаголовок | Уродства |
| Системный номер авторитетной/нормативной записи | 2438044 |
| Идентификатор авторитетной/нормативной записи | RU\NLR\AUTH\6601668597 |
| 686 3# - ИНДЕКСЫ ДРУГИХ КЛАССИФИКАЦИЙ | |
| Индекс | Е638 |
| 700 #1 - ИМЯ ЛИЦА - ПЕРВИЧНАЯ ОТВЕТСТВЕННОСТЬ | |
| Начальный элемент ввода | Тур |
| Часть имени, кроме начального элемента ввода | И.Я. |
| Расширение инициалов личного имени | Иван Ярославович |
| 712 02 - НАИМЕНОВАНИЕ ОРГАНИЗАЦИИ - ВТОРИЧНАЯ ОТВЕТСТВЕННОСТЬ | |
| Код отношения | Прочие |
| Начальный элемент ввода | Варшавское общество естествоиспытателей |
| Структурное подразделение | Отделение биологии |
| Системный номер авторитетной/нормативной записи | 694938 |
| Идентификатор авторитетной/нормативной записи | RU\NLR\AUTH\880517143 |
| 852 ## - МЕСТОНАХОЖДЕНИЕ И ШИФР ХРАНЕНИЯ | |
| Идентификатор организации | NLR |
| Шифр хранения (Call Number) | 38.36.5.45(34-2) |
| 942 ## - ДОПОЛНИТЕЛЬНЫЕ ЭЛЕМЕНТЫ ЗАПИСИ (АБИС) | |
| Тип экземпляра АБИС | Книга |
| 980 ## - КОЛЛЕКЦИЯ | |
| Название коллекции | Национальная библиография |
Нет доступных экземпляров.